000 00527nam a2200181Ia 4500
008 230917s9999||||xx |||||||||||||| ||und||
020 _cRS1095
040 _e227400
_aMAIN
041 _aEnglish
082 _a547.139 L612N(4)
100 _aLi, Jie Jack
245 0 _aName reactions: A collection of detailed mechanisms and synthetic applications
250 _a4th ed.
260 _aNew Delhi
_bSpringer india
_c2012
300 _axxii, 621 p.
500 _a2074 10/08/2015 RBP15/2074 21/09/2015 Main Budget
942 _cBK
999 _c15451
_d15451